LEADER 01135nam0-22003011i-450- 001 990005950580403321 005 19980601 035 $a000595058 035 $aFED01000595058 035 $a(Aleph)000595058FED01 035 $a000595058 100 $a19980601d1926----km-y0itay50------ba 105 $a--------00-yy 200 1 $a<>organizzazione della produzione orticola, segnatamente nel Mezzogiorno, in relazione alle esigenze odierne dei grandi mercati esteri$e(relazione)$fALESSANDRO BRIZI 210 $aRoma$cProvveditorato Generale dello Stato$d1926 215 $a28 p.$d24 cm 463 $d$1200$a"Atti del Consiglio Superiore dell'Economia Nazionale. Sezioni I e III. Seduta del 5/11/1926 676 $a338.6 700 1$aBrizi,$bAlessandro$068229 702 1$aBriganti,$bGaetano 801 0$aIT$bUNINA$gRICA$2UNIMARC 901 $aBK 912 $a990005950580403321 952 $aBUSTA 20 5 3$b29979$fFGBC 959 $aFGBC 996 $aOrganizzazione della produzione orticola, segnatamente nel Mezzogiorno, in relazione alle esigenze odierne dei grandi mercati esteri$9584404 997 $aUNINA DB $aGIU01 LEADER 01126nam 2200409 450 001 9910149413703321 005 20230807220735.0 035 $a(CKB)3880000000002068 035 $a(MiAaPQ)EBC5673767 035 $a(EXLCZ)993880000000002068 100 $a20190226h20152001 uy 1 101 0 $aeng 135 $aurcnu|||||||| 181 $ctxt$2rdacontent 182 $cc$2rdamedia 183 $acr$2rdacarrier 200 10$aDisillusions /$fSeth Margolis 210 1$aNew York, New York :$cDiversion Books,$d2015. 210 4$d©2001 215 $a1 online resource (316 pages) 311 $a1-68230-095-1 311 $a1-62681-858-4 606 $aNannies$vFiction 606 $aRich people$zNew York (State)$zUpstate New York$vFiction 606 $aMurder$xInvestigation$vFiction 615 0$aNannies 615 0$aRich people 615 0$aMurder$xInvestigation 676 $a813.6 700 $aMargolis$b Seth Jacob$01375266 801 0$bMiAaPQ 801 1$bMiAaPQ 801 2$bMiAaPQ 906 $aBOOK 912 $a9910149413703321 996 $aDisillusions$93414155 997 $aUNINA LEADER 07960oam 2201165 c 450 001 9910734376703321 005 20260302090207.0 010 $a9783837976977 010 $a3837976971 024 3 $a9783837976977 035 $a(CKB)4100000011608792 035 $a(MiAaPQ)EBC6409235 035 $a(Au-PeEL)EBL6409235 035 $a(OCoLC)1225554719 035 $a(NjHacI)994100000011608792 035 $a(Psychosozial-Verlag)9783837976977 035 $a(EXLCZ)994100000011608792 100 $a20260302d2020 uy 0 101 0 $ager 135 $aurcnu|||||||| 181 $ctxt$2rdacontent 182 $cc$2rdamedia 183 $acr$2rdacarrier 200 04$aDie deutschsprachige Sexualwissenschaft $eBestandsaufnahme und Ausblick /$fHeinz-Jürgen Voß, Josef Christian Aigner, Christel Baltes-Löhr, Karoline Bischof, Maika Böhm, Peer Briken, Jürgen Budde, Ulrike Busch, Anja Henningsen, Dagmar Herzog, Olaf Hiort, Paul M. Holterhus, Wolfgang Kostenwein, Rüdiger Lautmann, Silja Matthiesen, Timo O. Nieder, Laura Pietras, Ilka Quindeau, Udo Rauchfleisch, Esther Elisabeth Schütz, Katinka Schweizer, Uwe Sielert, Volkmar Sigusch, Kurt Starke, Harald Stumpe, Stefan Timmermanns, Elisabeth Tuider, Bettina Weidinger, Konrad Weller 205 $a1st ed. 210 $aGießen$cPsychosozial-Verlag$d2020 215 $a1 online resource (531 pages) 225 0 $aAngewandte Sexualwissenschaft 300 $a[1. Auflage 2020] 311 08$a9783837930160 311 08$a3837930165 320 $aIncludes bibliographical references. 327 $aZum Geleit Dagmar Herzog Die deutschsprachige Sexualwissenschaft Eine Einleitung Heinz-Jürgen Voß I Eröffnungen Paradoxale Verhältnisse Volkmar Sigusch Sexualität und Sexualwissenschaft 2050 Eine rationale Vision Rüdiger Lautmann Empirische Sexualforschung Ost: Die Partnerstudien Interdisziplinär ? komplex ? langzeitlich Kurt Starke II Forschungsgebiete der Sexualwissenschaft im Wandel Was erzählen uns Zahlen über Sexualität? Kontinuität und Wandel in der empirischen quantitativen Sexualforschung Silja Matthiesen & Laura Pietras Familienplanung im Wandel Ulrike Busch Sexuelle Selbstbestimmung Jugendlicher im digitalen Wandel Maika Böhm & Jürgen Budde Das Ringen um Gewissheiten Zu Normalität und Normativität des Sexuellen Elisabeth Tuider Kann die Psychoanalyse noch etwas zur Sexualwissenschaft beitragen? Ilka Quindeau III Regionale Besonderheiten sexualwissenschaftlicher Entwicklungen Entwicklungen und Perspektiven der Sexualwissenschaft in der Schweiz Udo Rauchfleisch Sexualwissenschaft? In Österreich? Eine essayistische Spurensuche in einem »Entwicklungsland« Josef Christian Aigner Sexualwissenschaft in Österreich ? Eine Bestandsaufnahme Wolfgang Kostenwein & Bettina Weidinger Drei Schritte vor und am besten keinen einzigen Schritt zurück Luxemburgische Perspektiven auf gesellschaftliche Diskurse zu Sexualität Christel Baltes-Löhr Die vergessene DDR-Sexualwissenschaft Eine persönliche Reminiszenz und Impulse für die Zukunft Harald Stumpe IV Geschlecht und Sexualität zwischen Psyche und Körper Diverse Körper, diverse Identitäten Zur Anerkennung von Varianten der Geschlechtsentwicklung Katinka Schweizer Wenn Weltbilder ins Wanken geraten Die Sexualwissenschaft im Kontext von Trans Timo O. Nieder Geschlechter, Intersex, DSD ? woher, wohin? Paul Martin Holterhus & Olaf Hiort Konsens als Merkmal paraphiler Störungen Peer Briken Körperlichkeit ist Basis jeder Sexualität Ein Plädoyer für sexualwissenschaftliche Studien zu Körper und Sexualität Esther Elisabeth Schütz Wissenschaftliche Grundlagen des Sexocorporel Karoline Bischof V Sexualwissenschaft, Sexualpädagogik und Qualifizierung Von Sexualwissenschaft und Sexualpädagogik Konrad Weller Wie ich als Erziehungswissenschaftler Sexualpädagogik konzipiere und was ich mir von der Sexualwissenschaft wünsche Uwe Sielert Sexuelle Bildung sowie sexuelle und geschlechtliche Vielfalt im Bachelorstudiengang Soziale Arbeit Stefan Timmermanns Sexuelle Bedürfnisse als Ausgangspunkt einer menschenrechtsorientierten Sozialen Arbeit ? »nach bestem Wissen und Gewissen« Anja Henningsen 330 $aLängst ist die Euphorie der sogenannten Sexuellen Revolution einer allgemeinen Ernüchterung gewichen. Statt zu einer grundlegenden Umwälzung geschlechtlicher und sexueller Verhältnisse kam es »nur« zu neuen Arrangements. Vor diesem Hintergrund stellt sich die Frage, welche Bedeutung das Sexuelle heute hat, das sich zwischen dem Freiheitsversprechen einerseits und der unleugbaren Banalisierung andererseits bewegt und stets tief verstrickt in andere gesellschaftliche Konflikte ist. Zur Beantwortung dieser Frage bedarf es einer aktuellen Bestandsaufnahme und der jeweils empirisch fundierten und theoretisch reflektierten Perspektive wichtiger Sexualwissenschaftler*innen aus dem gesamten deutschsprachigen Raum - von Deutschland, Österreich und der Schweiz bis Luxemburg. Die Autor*innen beleuchten vor dem Hintergrund des »neosexuellen« Wandels den Weg der Sexualwissenschaft seit der zweiten Hälfte des 20. Jahrhunderts. Mit Beiträgen von Josef Christian Aigner, Christel Baltes-Löhr, Karoline Bischof, Maika Böhm, Peer Briken, Jürgen Budde, Ulrike Busch, Anja Henningsen, Dagmar Herzog, Olaf Hiort, Paul Martin Holterhus, Wolfgang Kostenwein, Rüdiger Lautmann, Silja Matthiesen, Timo O. Nieder, Laura Pietras, Ilka Quindeau, Udo Rauchfleisch, Esther Elisabeth Schütz, Katinka Schweizer, Uwe Sielert, Volkmar Sigusch, Kurt Starke, Harald Stumpe, Stefan Timmermanns, Elisabeth Tuider, Bettina Weidinger und Konrad Weller 410 0$aAngewandte Sexualwissenschaft 606 $aSexualität 606 $aNeosexualität 606 $aTrans* 606 $aInter* 606 $aSexualwissenschaft 606 $ageschlechtliche Selbstbestimmung 606 $asexuelle Selbstbestimmung 606 $aSexuelle Revolution 606 $aPsychologie 606 $aGesellschaft 606 $aPsychotherapie 606 $aSoziologie 606 $aLGBTQIA+ 606 $aSexualpädagogik 615 4$aSexualität 615 4$aNeosexualität 615 4$aTrans* 615 4$aInter* 615 4$aSexualwissenschaft 615 4$ageschlechtliche Selbstbestimmung 615 4$asexuelle Selbstbestimmung 615 4$aSexuelle Revolution 615 4$aPsychologie 615 4$aGesellschaft 615 4$aPsychotherapie 615 4$aSoziologie 615 4$aLGBTQIA+ 615 4$aSexualpädagogik 676 $a306.732 702 $aVoß$b Heinz-Jürgen$4edt 702 $aAigner$b Josef Christian$4ctb 702 $aBaltes-Löhr$b Christel$4ctb 702 $aBischof$b Karoline$4ctb 702 $aBöhm$b Maika$4ctb 702 $aBriken$b Peer$4ctb 702 $aBudde$b Jürgen$4ctb 702 $aBusch$b Ulrike$4ctb 702 $aHenningsen$b Anja$4ctb 702 $aHerzog$b Dagmar$4ctb 702 $aHiort$b Olaf$4ctb 702 $aHolterhus$b Paul M$4ctb 702 $aKostenwein$b Wolfgang$4ctb 702 $aLautmann$b Rüdiger$4ctb 702 $aMatthiesen$b Silja$4ctb 702 $aNieder$b Timo O$4ctb 702 $aPietras$b Laura$4ctb 702 $aQuindeau$b Ilka$4ctb 702 $aRauchfleisch$b Udo$4ctb 702 $aSchütz$b Esther Elisabeth$4ctb 702 $aSchweizer$b Katinka$4ctb 702 $aSielert$b Uwe$4ctb 702 $aSigusch$b Volkmar$4ctb 702 $aStarke$b Kurt$4ctb 702 $aStumpe$b Harald$4ctb 702 $aTimmermanns$b Stefan$4ctb 702 $aTuider$b Elisabeth$4ctb 702 $aWeidinger$b Bettina$4ctb 702 $aWeller$b Konrad$4ctb 801 0$bMiAaPQ 801 1$bMiAaPQ 801 2$bMiAaPQ 906 $aBOOK 912 $a9910734376703321 996 $aDie deutschsprachige Sexualwissenschaft$94525065 997 $aUNINA